| 000 | 00552nam a22001817a 4500 | ||
|---|---|---|---|
| 003 | CEME | ||
| 005 | 20210628210202.0 | ||
| 008 | 210215b xxu||||| |||| 00| 0 eng d | ||
| 020 | _a1-893115-01-1 | ||
| 040 | _c. | ||
| 082 | _a005.133-VB APP | ||
| 100 |
_aAppleman, Daniel _978415 |
||
| 245 | _aDan applemann's win32 api puzzle book and tutorial for visual basic programmers | ||
| 260 |
_aUSA _bAPRESS _c1999 |
||
| 300 | _a475P | ||
| 650 |
_aWIN32 API PUZZLE BOOK VISUAL BASIC PROGRAMMERS-API PUZZLE BOOK API PUZZLE BOOK _978416 |
||
| 942 |
_cBK _2ddc |
||
| 999 |
_c583538 _d583538 |
||